| 000 | 00388nam a2200133Ia 4500 | ||
|---|---|---|---|
| 008 | 220204s9999 xx 000 0 und d | ||
| 082 |
_a575:311.13 _bWRI |
||
| 100 | _aWeber, W Eberhard | ||
| 245 | 0 | _aQuantitative genetics and selection in plant breeding | |
| 260 |
_aBerlin _bWalter de Gruyter _c1986 |
||
| 650 | _aGenetic variances estimation | ||
| 700 | _aWricke, Gunter | ||
| 942 | _cBK | ||
| 999 |
_c42292 _d42292 |
||